ბათუმის შოთა რუსთაველის სახელმწიფო უნივერსიტეტის ბიბლიოთეკა

კომპიუტერული ქსელების ინჟინირინგის საფუძვლები (ბიბ.ჩანაწერი № 34811)

000 -LEADER
fixed length control field 00883nam a2200229Ia 4500
001 - CONTROL NUMBER
control field 621
003 - CONTROL NUMBER IDENTIFIER
control field GE_BSU
008 - FIXED-LENGTH DATA ELEMENTS--GENERAL INFORMATION
fixed length control field 181216s||||||||xx |||||||||||||| ||und||
020 ## - INTERNATIONAL STANDARD BOOK NUMBER
International Standard Book Number 9789941141942
040 ## - CATALOGING SOURCE
Transcribing agency GE_BSU
080 ## - UNIVERSAL DECIMAL CLASSIFICATION NUMBER
Universal Decimal Classification number 681(075.8)
100 ## - MAIN ENTRY--PERSONAL NAME
Personal name ფრანგიშვილი,არჩილ და სხვა
245 ## - TITLE STATEMENT
Title კომპიუტერული ქსელების ინჟინირინგის საფუძვლები
245 ## - TITLE STATEMENT
Statement of responsibility, etc. რედ. მარიკა ჯიქია; გელა ჭიკაძე
260 ## - PUBLICATION, DISTRIBUTION, ETC.
Place of publication, distribution, etc. თბილისი
260 ## - PUBLICATION, DISTRIBUTION, ETC.
Name of publisher, distributor, etc. ტექნიკური უნ–ტი
260 ## - PUBLICATION, DISTRIBUTION, ETC.
Date of publication, distribution, etc. 2008
300 ## - PHYSICAL DESCRIPTION
Extent 264გვ.
653 ## - INDEX TERM--UNCONTROLLED
Uncontrolled term კომპიუტერული ქსელების ინჟინირინგის საფუძვლები
942 ## - ADDED ENTRY ELEMENTS (KOHA)
Koha item type წიგნი
ეგზემპლარები
Withdrawn status Lost status Damaged status Not for loan Date acquired Barcode Date last seen Price effective from Koha item type
        2018-12-17 922 2018-12-17 2018-12-17 წიგნი